000 01138naa a22004090a 4500
001 UByD000822
003 AR-LpoUNG
005 20220805225811.0
008 220804s2022||||ag |||||||||||||||||spa d
020 _a9789876306096
040 _aAR-LpoUNG
_bspa
_eaacr
041 1 _aspa
044 _aag
082 0 _a331.4 963asi
100 1 _aAvril, Christelle
245 1 4 _aLas asistentes a domicilio :
_botro mundo popular
250 _a1ra. ed.
260 _aBuenos Aires :
_bUniversidad Nacional de General Sarmiento,
_c2022.
300 _a292 p.
490 0 _aIntervenciones
500 _aEdición en español al cuidado de Débora Gorbán.
650 4 _aMERCADO DE TRABAJO
650 4 _aANALISIS DE GENERO
650 4 _aBIENESTAR SOCIAL
650 4 _aESTUDIOS DE CASOS
650 4 _aROL DE LA MUJER
650 4 _aMUJERES
650 4 _aPOLITICA LABORAL
650 4 _aSALARIOS
650 4 _aSISTEMAS DE PREVISION SOCIAL
650 4 _aTRABAJADORAS
700 1 _aGorbán, Débora
_eed.
700 1 _aPeiró, Alicia Leonor
_etr.
700 1 _aCouteau, Béatrice
_etr.
905 _a40642
942 _cLIB
_2ddc
999 _c63509
_d63509